African Capitals by First Two Letters - Statistics

General Stats
  • This quiz has been taken 6,081 times
  • The average score is 35 of 54
Answer Stats
Country Capital % Correct
South Africa Cape Town, Pretoria or Bloemfontein
96%
Algeria Algiers
93%
Egypt Cairo
89%
Angola Luanda
82%
Zambia Lusaka
82%
Rwanda Kigali
80%
Congo (Dem. Rep.) Kinshasa
80%
Somalia Mogadishu
80%
Liberia Monrovia
80%
Comoros Moroni
80%
Benin Porto-Novo or Cotonou
79%
Equatorial Guinea Malabo
76%
Mozambique Maputo
76%
Lesotho Maseru
76%
Mali Bamako
75%
Central African Republic Bangui
75%
Gambia Banjul
75%
Kenya Nairobi
75%
Ethiopia Addis Ababa
72%
Djibouti Djibouti
70%
Gabon Libreville
69%
Malawi Lilongwe
69%
Cape Verde Praia
69%
Guinea-Bissau Bissau
68%
Botswana Gaborone
68%
Burkina Faso Ouagadougou
66%
Cote d'Ivoire Yamoussoukro
66%
Cameroon Yaoundé
66%
Ghana Accra
65%
Mauritius Port Louis
65%
Libya Tripoli
64%
Congo (Rep.) Brazzaville
63%
Madagascar Antananarivo
62%
Nigeria Abuja
61%
Guinea Conakry
61%
Chad N'Djamena
61%
Senegal Dakar
59%
Morocco Rabat
59%
São Tomé and Príncipe São Tomé
59%
Niger Niamey
58%
Tunisia Tunis
58%
Eritrea Asmara
56%
Burundi Bujumbura
50%
Sierra Leone Freetown
49%
Seychelles Victoria
49%
Uganda Kampala
48%
Sudan Khartoum
48%
Namibia Windhoek
47%
Mauritania Nouakchott
46%
South Sudan Juba
45%
Togo Lome
45%
Zimbabwe Harare
43%
Tanzania Dodoma
41%
Swaziland Mbabane
38%
No matching quizzes found
Score Distribution
Percent of People with Each Score
Percentile by Number Answered
Your Score History
You have not taken this quiz